00574naa a2200193 450000500170000000800400001702000150005705000190007205000250009110000300011624500610014625000110020726000320021830000210025049000160027150400210028760000340030860000380034220260312081340.0a s1987 mx a spa a9684197365 aF1235bA5 1987 aF1235.5.A68bA3 19871 aAlemán Valdés, Miguel10aRemembranzas y testimonios c / Miguel Alemán Valdés a1a ed. aMéxico :bGrijalbo,c1987 a437 p. ;c22 cm.0 aTestimonios aIncluye índice14aAlemán, Miguel, d1905-198314aAvila Camacho, Manuel,d1897-1955